| 000 | 00756cam a22002292 4500 | ||
|---|---|---|---|
| 001 | 0000000209 | ||
| 005 | 20151021151040.0 | ||
| 008 | 070117s xx 000 0 eng d | ||
| 020 |
_a013231119 : _cKES 3,950 |
||
| 040 |
_aKABU _cKABU |
||
| 050 | 0 |
_aHF1017 _b.T46 |
|
| 100 | 1 |
_aThomas, Richard. _@0000161067 |
|
| 245 | 1 | 0 |
_aQuantitative methods for business studies / _cRichard Thomas. |
| 260 |
_aHarlow, England : _bPrentice Hall, _c1997. |
||
| 300 | _axiii, 517 p. | ||
| 650 | 0 |
_aCommercial statistics. _@0000149884 |
|
| 908 | _a070117 | ||
| 950 | _@1 | ||
| 999 |
_c76 _d76 |
||